El simpatizante /

Guardado en:
Detalles Bibliográficos
Autor principal: Nguyen, Viet Thanh (autor)
Otros autores: Calvo, Javier (traducción) (traducción)
Formato: Libro
Idioma:Español
Publicado: México : Seix Barral, 2017, c2017
Colección:(Biblioteca Formentor)
Temas:
Etiquetas: Agrega una etiqueta
Sin etiquetas, Sé el primero en etiquetar este registro!

MARC

LEADER 00000nam^a2200000^a^4500
001 000401989
005 20250521000000.0
009 20260310121700.336
020 |a 978-607-07-4409-9 
037 |a Acervo ITESO - Biblioteca 
041 |a ESP 
082 |a 813.  |b NGU 
100 |a Nguyen, Viet Thanh  |e (autor) 
245 1 3 |a El simpatizante /  |c V. Thanh Nguyen ; tr. por J. Calvo. 
264 4 |a México :  |b Seix Barral,  |c 2017, c2017 
300 |a 479 p. 
336 |a texto  |b txt  |2 rdacontenido 
337 |a sin mediación  |b n  |2 rdamedio 
338 |a volumen  |b nc  |2 rdasoporte 
440 1 |a (Biblioteca Formentor) 
500 |a Traducción de: The Sympathizer 
586 |a Premio Pulitzer 2016, categoría Ficción 
649 |a XX 
650 |a Novela Norteamericana 
650 |a Literatura Norteamericana -  |y Siglo XXI 
700 |a Calvo, Javier  |e (traducción) 
910 |a Fondo General 
920 |a Impresos - Libros 
930 |a Colección General 
940 |a Literatura 
905 |a 101 
901 |a 0500297506  |b IT1  |c LIT  |i c158962  |u 20250521 
902 |a https://opac.biblio.iteso.mx/vufind/Record/000401989